书目信息 |
| 题名: |
两栖爬行动物学
|
|
| 作者: | 于洪贤 编著 | |
| 分册: | ||
| 出版信息: | 哈尔滨 东北林业大学出版社 2001.11 |
|
| 页数: | 220页 | |
| 开本: | 26cm | |
| 丛书名: | ||
| 单 册: | ||
| 中图分类: | Q959.5 | |
| 科图分类: | ||
| 主题词: | 两栖纲--liang qi gang--动物学 , 爬行纲--pa xing gang--动物学 | |
| 电子资源: | ||
| ISBN: | 7-81076-251-6 | |
| 000 | 00833nam0 2200241 450 | |
| 001 | 012007407681 | |
| 005 | 20070509152755.75 | |
| 010 | @a7-81076-251-6@dCNY25.00 | |
| 100 | @a20070409d2001 km y0chiy0120 ea | |
| 101 | 0 | @achi |
| 102 | @aCN@b230000 | |
| 105 | @aa a 000yy | |
| 200 | 1 | @a两栖爬行动物学@Aliang qi pa xing dong wu xue@f于洪贤编著@Fyu hong xian bian zhu |
| 210 | @a哈尔滨@c东北林业大学出版社@d2001.11 | |
| 215 | @a220页@c图@d26cm | |
| 320 | @a有书目 (第220页)。 | |
| 330 | @a本书内容包括:动物分类的基本原理、两栖动物、我国两栖动物的经济价值与资源保护、爬行动物、我国爬行动物的经济价值与资源保护等。 | |
| 606 | 0 | @a两栖纲@Aliang qi gang@x动物学 |
| 606 | 0 | @a爬行纲@Apa xing gang@x动物学 |
| 690 | @aQ959.5@v4 | |
| 701 | 0 | @a于洪贤@Ayu hong xian@4编著 |
| 801 | 0 | @aCN@c20070509 |
| 905 | @a10447@dQ959.5@eY713 | |
| 两栖爬行动物学/于洪贤编著.-哈尔滨:东北林业大学出版社,2001.11 |
| 220页:图;26cm |
| ISBN 7-81076-251-6:CNY25.00 |
| 本书内容包括:动物分类的基本原理、两栖动物、我国两栖动物的经济价值与资源保护、爬行动物、我国爬行动物的经济价值与资源保护等。 |
| ● |
| 相关链接 |
|
|
|
正题名:两栖爬行动物学
索取号:Q959.5/Y713
 
预约/预借
| 序号 | 登录号 | 条形码 | 馆藏地/架位号 | 状态 | 备注 |
| 1 | 240140 | 202401409 | 自科库401/401自科库 37排3列4层/ [索取号:Q959.5/Y713] | 在馆 | |
| 2 | 240141 | 202401418 | 自科库401/401自科库 37排3列4层/ [索取号:Q959.5/Y713] | 在馆 |